Statistics for Daily U.S. State Riddle #20

Click here to take the quiz!

General Stats

  • This quiz has been taken 66 times
  • The average score is 37 of 40

Answer Stats

TypeAnswer% Correct
Found LetterA
100%
Found LetterC
100%
Alphabet LetterD
100%
Alphabet LetterE
100%
Alphabet LetterF
100%
Alphabet LetterG
100%
Found LetterH
100%
Found LetterI
100%
Found LetterL
100%
Found LetterN
100%
Found LetterO
100%
Found LetterR
100%
Found LetterS
100%
Found LetterT
100%
Alphabet LetterW
100%
Alphabet LetterK
98%
Alphabet LetterM
98%
Found LetterU
97%
Alphabet LetterX
97%
Alphabet LetterB
95%
Alphabet LetterP
95%
Alphabet LetterY
95%
Alphabet LetterV
93%
Correctly Placed LetterS
90%
Correctly Placed LetterU
90%
Alphabet LetterJ
88%
Correctly Placed LetterA
86%
Correctly Placed LetterA
86%
Correctly Placed LetterC
86%
Correctly Placed LetterH
86%
Correctly Placed LetterI
86%
Correctly Placed LetterL
86%
Correctly Placed LetterN
86%
Correctly Placed LetterO
86%
Correctly Placed LetterO
86%
Alphabet LetterQ
86%
Correctly Placed LetterR
86%
Mystery U.S. StateSouth Carolina
86%
Correctly Placed LetterT
86%
Alphabet LetterZ
86%

Score Distribution

Percentile by Number Answered

Percent of People with Each Score

Your Score History

You have not taken this quiz